Einführung in MS-DOS und Open Access II

Salvato in:
Dettagli Bibliografici
Autore principale: Alkier, Lore
Natura: Libro
Lingua:tedesco
Pubblicazione: München Oldenbourg 1987
Edizione:1. Aufl.
Soggetti:
Tags: Aggiungi Tag
Nessun Tag, puoi essere il primo ad aggiungerne!!

MARC

LEADER 00000nam a2200000 4500
001 c019102
005 20221219111530.1
020 |a 3-486-20635-4 
041 0 |a ger 
044 |a DE 
245 1 0 |a Einführung in MS-DOS und Open Access II  |c Lore Alkier 
250 |a 1. Aufl. 
264 1 |a München  |b Oldenbourg  |c 1987 
300 |a 322 s. 
610 2 0 |a systémy operačné 
610 2 0 |a grafika počítačová 
610 2 0 |a softvér 
610 2 0 |a hardvér 
100 1 |a Alkier, Lore